<?xml version="1.0" encoding="UTF-8"?>
<record
    xmlns:xsi="http://www.w3.org/2001/XMLSchema-instance"
    xsi:schemaLocation="http://www.loc.gov/MARC21/slim http://www.loc.gov/standards/marcxml/schema/MARC21slim.xsd"
    xmlns="http://www.loc.gov/MARC21/slim">

  <leader>01456nam a2200229 a 4500</leader>
  <controlfield tag="001">000023240</controlfield>
  <controlfield tag="005">20200930022100.0</controlfield>
  <controlfield tag="008">101130s1995    mx a    r     000 | spa d</controlfield>
  <datafield tag="020" ind1=" " ind2=" ">
    <subfield code="a">9686898484</subfield>
  </datafield>
  <datafield tag="040" ind1=" " ind2=" ">
    <subfield code="a">DO-SdBNP</subfield>
    <subfield code="b">spa</subfield>
    <subfield code="c">BNPHU</subfield>
  </datafield>
  <datafield tag="082" ind1=" " ind2=" ">
    <subfield code="a">xxx</subfield>
    <subfield code="b">E24c</subfield>
  </datafield>
  <datafield tag="245" ind1="1" ind2="0">
    <subfield code="a">Educaci&#xF3;n y cultura :</subfield>
    <subfield code="b">revista de los maestros espa&#xF1;oles en el exilio, 1940 /</subfield>
    <subfield code="c">selecci&#xF3;n y presentaci&#xF3;n de textos Valentina Cant&#xF3;n Arjona.</subfield>
  </datafield>
  <datafield tag="260" ind1=" " ind2=" ">
    <subfield code="a">M&#xE9;xico :</subfield>
    <subfield code="b">Universidad Pedag&#xF3;gica Nacional,</subfield>
    <subfield code="c">1995.</subfield>
  </datafield>
  <datafield tag="300" ind1=" " ind2=" ">
    <subfield code="a">127 p. :</subfield>
    <subfield code="b">il. ;</subfield>
    <subfield code="c">22 cm.</subfield>
  </datafield>
  <datafield tag="440" ind1=" " ind2="0">
    <subfield code="a">Textos,</subfield>
    <subfield code="v">2</subfield>
    <subfield code="9">14460</subfield>
  </datafield>
  <datafield tag="500" ind1=" " ind2=" ">
    <subfield code="a">Incluye notas y citas al pie de p&#xE1;ginas</subfield>
  </datafield>
  <datafield tag="500" ind1=" " ind2=" ">
    <subfield code="a">Incluye bibliograf&#xED;a</subfield>
  </datafield>
  <datafield tag="505" ind1=" " ind2=" ">
    <subfield code="t">Luis Vives y el humanismo /</subfield>
    <subfield code="r">Joaqu&#xED;n Xirau</subfield>
    <subfield code="t">Ideas pedag&#xF3;gicas de Luis Vives /</subfield>
    <subfield code="r">Emilia El&#xED;as de Ballesteros</subfield>
    <subfield code="t">Don Francisco Giner de los R&#xED;os</subfield>
    <subfield code="t">En el v aniversario de Manuel B. Coss&#xED;o</subfield>
    <subfield code="t">El maestro, la escuela y el material de ense&#xF1;anza /</subfield>
    <subfield code="r">Manuel B. Coss&#xED;o</subfield>
    <subfield code="t">Libertad y vocaci&#xF3;n /</subfield>
    <subfield code="r">Joaqu&#xED;n Xirau</subfield>
    <subfield code="t">M&#xE9;todo de educaci&#xF3;n y estructura horizontal de la vida ps&#xED;quica /</subfield>
    <subfield code="r">Juan Roura-Parella</subfield>
    <subfield code="t">La labor educativa de la Rep&#xFA;blica Espa&#xF1;ola (1931-1939)</subfield>
    <subfield code="t">La formaci&#xF3;n de los maestros en la Rep&#xFA;blica Espa&#xF1;ola /</subfield>
    <subfield code="r">Florentino M. Torner</subfield>
    <subfield code="t">La reforma de inspecci&#xF3;n en la Rep&#xFA;blica Espa&#xF1;ola /</subfield>
    <subfield code="r">Antonio Ballesteros Usado</subfield>
    <subfield code="t">La segunda rep&#xFA;blica y ense&#xF1;anza superior en Espa&#xF1;a /</subfield>
    <subfield code="r">Jos&#xE9; Gaos</subfield>
  </datafield>
  <datafield tag="700" ind1="1" ind2=" ">
    <subfield code="a">Cant&#xF3;n Arjona, Valentina</subfield>
    <subfield code="e">comp.</subfield>
    <subfield code="9">47861</subfield>
  </datafield>
  <datafield tag="830" ind1=" " ind2="0">
    <subfield code="a">Textos,</subfield>
    <subfield code="v">2</subfield>
    <subfield code="9">14460</subfield>
  </datafield>
  <datafield tag="049" ind1=" " ind2=" ">
    <subfield code="a">BNGR</subfield>
  </datafield>
  <datafield tag="952" ind1=" " ind2=" ">
    <subfield code="0">0</subfield>
    <subfield code="1">0</subfield>
    <subfield code="5">0</subfield>
    <subfield code="7">1</subfield>
    <subfield code="8">MO</subfield>
    <subfield code="a">GR</subfield>
    <subfield code="b">GR</subfield>
    <subfield code="c">CT</subfield>
    <subfield code="d">2010-11-30</subfield>
    <subfield code="i">LF1</subfield>
    <subfield code="l">0</subfield>
    <subfield code="o">xxx E24c</subfield>
    <subfield code="p">23240-10</subfield>
    <subfield code="r">2020-06-25</subfield>
    <subfield code="w">2020-06-25</subfield>
    <subfield code="y">1</subfield>
    <subfield code="Z">No se presta</subfield>
  </datafield>
  <datafield tag="999" ind1=" " ind2=" ">
    <subfield code="c">22737</subfield>
    <subfield code="d">22737</subfield>
  </datafield>
</record>
